Estrategia de comunicacin̤ y cultura organizacional

Bibliographic Details
Main Author: Latorre Iglesias, Edimer Leonardo
Format: eBook
Language:Spanish
Published: Bogot:̀ Universidad Sergio Arboleda, 2015
Subjects:
Online Access:Acceso restringido

MARC

LEADER 00000nam a22000007a 4500
005 20171221172729.0
007 cr|||| ||||
008 171221s2015 ck |||||s|||| 00||0 spa d
020 |a 978-958-59490-7-2 
035 |a 20949 
040 |a vLex 
090 |c 7337  |d 7337 
100 1 |a Latorre Iglesias, Edimer Leonardo 
245 1 0 |a Estrategia de comunicacin̤ y cultura organizacional  |h [Recurso electrn̤ico] /  |c Edimer Leonardo Latorre Iglesias  
256 |a Servicio en ln̕ea 
260 |a Bogot:̀  |b Universidad Sergio Arboleda,  |c 2015  
300 |a 1 recurso electrn̤ico 
500 |a Caracterizacin̤ de los modelos de inclusin̤ laboral de personas en condicin̤ de desplazamiento forzoso en las empresas de la ciudad de Santa Marta  
506 1 |a Disponible solo en los productos indicados  |d vLex Global  |d vLex Global (Academic Edition, excluding Law Schools)  |d vLex Global (U.S. Academic Edition, Law Schools)  |d vLex Global (U.S. Academic Edition, excluding Law Schools)  |d vLex Global (Academic Edition, Law Schools) 
650 0 4 |a Derecho Mercantil y de la Empresa  |z Colombia 
650 0 4 |a Derecho Laboral y Seguridad Social  |z Colombia 
740 0 |a vLex Libros (Servicio en ln̕ea) 
856 4 0 |u http://vlex.com/source/estrategia-comunicacion-cultura-organizacional-20949  |z Acceso restringido 
942 |c BOOK 
999 0 |a Commercial law 
999 0 |a Labor laws and legislation